A TEXTBOOK PHARMACEUTICAL INORGANIC CHEMISTRY : FOR 1ST YEAR B PHARMA [1 ST SEMESTER] (Record no. 8917)

MARC details
000 -LEADER
fixed length control field 00499nam a22001697a 4500
005 - DATE AND TIME OF LATEST TRANSACTION
control field 20251126175540.0
008 - FIXED-LENGTH DATA ELEMENTS--GENERAL INFORMATION
fixed length control field 251119b |||||||| |||| 00| 0 eng d
020 ## - INTERNATIONAL STANDARD BOOK NUMBER
ISBN 978-93-91208-09-7
041 ## - LANGUAGE CODE
Language code of text/sound track or separate title eng
082 ## - DEWEY DECIMAL CLASSIFICATION NUMBER
Classification number 615.2 GAN-T
100 ## - MAIN ENTRY--AUTHOR NAME
Personal name GANDHI,NEHAL.C
245 ## - TITLE STATEMENT
Title A TEXTBOOK PHARMACEUTICAL INORGANIC CHEMISTRY : FOR 1ST YEAR B PHARMA [1 ST SEMESTER]
260 ## - PUBLICATION, DISTRIBUTION, ETC. (IMPRINT)
Place of publication NEW DELHI
Name of publisher INNOVATION PUBLICATIONS PVT LTD
Year of publication 2023
300 ## - PHYSICAL DESCRIPTION
Number of Pages 140;P
650 ## - SUBJECT ADDED ENTRY--TOPICAL TERM
Topical Term PHARMACY
General subdivision B PHARMA
942 ## - ADDED ENTRY ELEMENTS (KOHA)
Koha item type Books
Holdings
Lost status Damaged status Collection code Home library Current library Date acquired Source of acquisition Cost, normal purchase price Full call number Accession Number Koha item type
    PHARMACY JRU Library JRU Library 14/11/2025 PURCHASE 375.00 615.2 29025 Books